000 00349nam a2200133Ia 4500
008 240624s9999 xx 000 0 und d
041 _aeng
082 _a338.064 PET
100 _aPETTI CLAUDIO
245 _aCASES IN TECHNOLOGICAL ENTREPRENEURSHIP
260 _c2009
_aUK
_bEdward Elgar
300 _axxii, : 156 : p. : cm. ; 23
365 _cBPS
_b38
999 _c28185
_d28185